000 05726njm0a22007691 4500
001 RU\NLR\ONIZ\196883
005 20250708192205.0
035 _a(NLR Aleph) 010404643
035 _aRU\NLR\ONIZ\GALA\5000005557\20120209195386
090 _a13282237
_c13282237
100 _a20120209f20002099|||y0rusy50 ca
102 _aRU
126 _aaxuxhxu ux
_bxxx
127 _a000060
135 _ahonoannnanndn
200 1 _aНе напрасно с тобой в этот мир мы пришли...
_bЗвукозапись
_fЛ. Туманова
_gисполн. авт.
210 _aБ. м.
_cУралсвязьинформ (Курганский филиал)
_d[20--]
215 _a1 зв. диск (60 мин), в футл.
300 _aЗаписи 1967 - 2005 годов из личного фонда автора и частной коллекции Анатолия Вяткина
325 _aКопия доступна в Электрон. б-ке РНБ
327 1 _a1. Пока не поздно : стихи;
_a2. Голубой звездопад;
_a3. Небесные короли;
_a4. Стюардесса;
_a5. Янтарное море;
_a6. Возьми мою нежность;
_a7. Ненастье было и прошло...;
_a8. Всему своё время (Бродит август...);
_a9. Море;
_a10. Рождение дня : стихи;
_a11. Переключись на приём;
_a12. Маленький цветок : стихи;
_a13. Песенка без слов;
_a14. Ко мне, Мухтар!;
_a15. Маски;
_a16. Песенка зайчонка Кнопочки;
_a17. Я нарисую спелую морковку...;
_a18. Лето - это очень хорошо!;
_a19. Сонная песенка;
_a20. О необитаемых островах;
_a21. Первоклассница;
_a22. Страдание (У пиратов трудная работа...);
_a23. Эгей, мой конь!;
_a24. Зимушка-зима;
_a25. Дед Мороз;
_a26. Музей восковых фигур;
_a27. Для чего мы с тобою пришли в этот мир? : стихи;
_a28. Мой Театр
464 0 _12001#$aВозьми мою нежность
_tВозьми мою нежность
464 0 _12001#$aВсему своё время (Бродит август...)
_tВсему своё время (Бродит август...)
464 0 _12001#$aГолубой звездопад
_tГолубой звездопад
464 0 _12001#$aДед Мороз
_tДед Мороз
464 0 _12001#$aДля чего мы с тобою пришли в этот мир?$eстихи
_tДля чего мы с тобою пришли в этот мир?
464 0 _12001#$aЗимушка-зима
_tЗимушка-зима
464 0 _12001#$aКо мне, Мухтар!
_tКо мне, Мухтар!
464 0 _12001#$aЛето - это очень хорошо!
_tЛето - это очень хорошо!
464 0 _12001#$aМаленький цветок$eстихи
_tМаленький цветок
464 0 _12001#$aМаски
_tМаски
464 0 _12001#$aМой Театр
_tМой Театр
464 0 _12001#$aМоре
_tМоре
464 0 _12001#$aМузей восковых фигур
_tМузей восковых фигур
464 0 _12001#$aНебесные короли
_tНебесные короли
464 0 _12001#$aНенастье было и прошло...
_tНенастье было и прошло...
464 0 _12001#$aО необитаемых островах
_tО необитаемых островах
464 0 _12001#$aПервоклассница
_tПервоклассница
464 0 _12001#$aПереключись на приём
_tПереключись на приём
464 0 _12001#$aПесенка без слов
_tПесенка без слов
464 0 _12001#$aПесенка зайчонка Кнопочки
_tПесенка зайчонка Кнопочки
464 0 _12001#$aПока не поздно$eстихи
_tПока не поздно
464 0 _12001#$aРождение дня$eстихи
_tРождение дня
464 0 _12001#$aСонная песенка
_tСонная песенка
464 0 _12001#$aСтрадание (У пиратов трудная работа...)
_tСтрадание (У пиратов трудная работа...)
464 0 _12001#$aСтюардесса
_tСтюардесса
464 0 _12001#$aЭгей, мой конь!
_tЭгей, мой конь!
464 0 _12001#$aЯ нарисую спелую морковку...
_tЯ нарисую спелую морковку...
464 0 _12001#$aЯнтарное море
_tЯнтарное море
606 1 _aАвторская песня
_yРоссия
_2nlr_sh
606 1 _aСтихи
_yРоссия
_z20 - 21 вв.
_2nlr_sh
686 _aЩ943.4, 8(2)
_vLBC/SL
_2rubbk
700 1 _9z01790
_aТуманова
_bЛ. А.
_f1945 -
_gЛюдмила Анатольевна
_4230
790 1 _9z01700
_aTumanova
_bL. A.
_f1945 -
_gLyudmila Anatol'evna
_4230
801 0 _aRU
_bNLR
_c20120209
_gPSBO
801 1 _aRU
_bNLR
_c20120209
_2rusmarc
801 2 _aRU
_bNLR
_c20151105
852 _aNLR
_bМг
_jД/1332
_p2931
_t1
856 0 _uhttp://vivaldi.nlr.ru/mk000000302/view
856 1 _uhttp://vivaldi.nlr.ru/mk000000302/cover
856 2 _uhttp://vivaldi.nlr.ru/mk000000302/text
942 _cREC
980 _aNB
980 _aONIZ
981 2 4 _a(24) Нотные издания и аудиозаписи
_b(24) Грампластинки